000 00445nam a2200181 a 4500
001 23357
003 CO-ViMGA
008 141112s2004 ck r 000 u spa d
020 _a8423990435
040 _aCO-ViMGA
_bspa
_cCO-ViMGA
082 0 4 _a823.51 D336a
100 1 _aDefoe, Daniel
_93679
245 1 0 _aAventuras de Robinson Crusoe
260 _aEspaƱa :
_bEspasa
490 0 _aEspasa Juvenil
650 1 4 _aNovela inglesa
942 _2ddc
_cBK
999 _c10254
_d10254